Elements of argumentation

Saved in:
Bibliographic Details
Main Author: Besnard, Philippe 1958-
Other Authors: Hunter, Anthony 1962-
Format: Book
Language:English
Published: Cambridge, MA : MIT Press, c2008
Subjects:
Tags: Add Tag
No Tags, Be the first to tag this record!

MARC

LEADER 00000nam a2200000 i 4500
001 1/11599
008 110118s2008 eng d
020 |a 978-0-262-02643-7 
035 |l 10109470 
040 |a GR-MY-UA  |b gre  |e aacr 
041 0 |a eng 
082 0 |a 006.3  |2 (22) 
100 1 |a Besnard, Philippe  |d 1958- 
245 1 0 |a Elements of argumentation /  |c Philippe Besnard and Anthony Hunter 
260 |a Cambridge, MA :   |b MIT Press,   |c c2008 
300 |a x, 298 σ.;  |c 24 εκ. 
504 |a Βιβλιογραφία: σ.[285]-293. Ευρετήριο 
650 0 0 |a Artificial intelligence. 
650 0 0 |a Reasoning. 
650 0 0 |a Logic. 
650 0 0 |a Information technology. 
700 1 |a Hunter, Anthony  |d 1962- 
852 |a INST  |b SAMOS  |e 20110118  |h 006.3 BES  |p 005300033054  |q 005300033054  |t BK  |y 0 
901 |a BIBL3-2011-1 
909 |a Σ  |b 166776 
922 |a 3ΕΛΗ  |b 201011  |c ΤΜΠΕΣ  |d ΜΙΧΑΛΟΠΟΥΛΟΣ 
970 |a ΚΟΣΙΕΡΗΣ  |b ΧΡΗΣΤΟΣ  |z 2011/01/18